000 00888nam a2200217 i 4500
001 25526
003 ES-MaACL
005 20230906153303.0
007 t|
008 021227s1975 sp ||||1| spa d
100 1 _aArias Navarro, Carlos.
_922794
245 1 0 _aPalabras de Carlos Arias Navarro y discurso de José Solís Ruiz, ministro secretario general del Movimiento, en el acto de su toma de posesión celebrado en el Consejo Nacional del Movimiento, 20 de junio de 1975.
260 _a[Madrid] :
_bEdiciones del Movimiento,
_c[1975]
300 _a21 p., [4] h. de lám. ;
_c21 cm.
651 4 _aEspaña-
_xHistoria-
_y1939-1975, Dictadura.
_9167928
700 1 _aSolís Ruiz, José.
_9107219
710 2 _aMovimiento Nacional (España).
_bConsejo Nacional.
_95778
710 2 _aEdiciones del Movimiento.
_9171800
852 _aES-MaACL
_j2096-F-14
852 _aES-MaACL
_j2096-F-15
999 _c25526
_d25526